000 00661 a2200205 4500
003 MN-UlNLM
005 20220822111136.0
008 a130t2005 mp ||||| |||| 00|mon d
040 _aМонгол Улсын Үндэсний номын сан
084 _a82.3(5Мон)
_2NNA
_bМ 239
_q82
245 0 _aМаодуний тухай домог: Маодунь Шаньюй
_cЗур. Б.Цолмонбаяр
250 _a1
260 0 _c2005
_aУБ
300 _a16х
546 _aMongolia
653 _aАрдын аман зохиол, утга зохиол
_aМонголын уран зохиол
856 _aprintbook
942 _cBK
999 _c67021
_d67021